000 00748nam a2200205 a 4500
001 000042794
005 20240305140748.0
008 140210s2011 dr a 000 0 spa d
020 _a9789945475074
040 _aDO-SdBNP
_bspa
_cBNPHU
082 _axxxx
_bS127q
100 1 _a Sáez , José Luis
_d1937-
_9620
245 1 3 _aEl quehacer de la iglesia dominicana (1511-2011) :
_bhistoria y antología. /
_cJosé Luis Sáez; prólogo, Ramón Benito de la Rosa y Carpio.
260 _aSanto Domingo, :
_bAmigo del hogar,
_c2011.
300 _a207 p. :
_bil. ;
_c26 cm.
490 1 _aEdiciones Ferilibro
500 _aIncluye notas a pie de página
700 1 _a Rosa y Carpio, Ramón Benito de la,
_d1939-
_974159
830 0 _aEdiciones Ferilibro
_9150
999 _c42283
_d42283